<?xml version="1.0" encoding="UTF-8"?>
<collection xmlns="http://www.loc.gov/MARC21/slim">
 <record>
  <leader>03394cam a2200637  a4500</leader>
  <controlfield tag="001">1539884953</controlfield>
  <controlfield tag="003">DE-627</controlfield>
  <controlfield tag="005">20220718134324.0</controlfield>
  <controlfield tag="007">tu</controlfield>
  <controlfield tag="008">160523m20152015gw ||||| m    00| ||ger c</controlfield>
  <datafield tag="020" ind1=" " ind2=" ">
   <subfield code="a">9783896466655</subfield>
   <subfield code="c">Festeinband : EUR 45.80 (AT), EUR 69.80 (DE)</subfield>
   <subfield code="9">978-3-89646-665-5</subfield>
  </datafield>
  <datafield tag="020" ind1=" " ind2=" ">
   <subfield code="a">3896466658</subfield>
   <subfield code="9">3-89646-665-8</subfield>
  </datafield>
  <datafield tag="024" ind1="3" ind2=" ">
   <subfield code="a">9783896466655</subfield>
  </datafield>
  <datafield tag="035" ind1=" " ind2=" ">
   <subfield code="a">(DE-627)1539884953</subfield>
  </datafield>
  <datafield tag="035" ind1=" " ind2=" ">
   <subfield code="a">(DE-576)469884959</subfield>
  </datafield>
  <datafield tag="035" ind1=" " ind2=" ">
   <subfield code="a">(DE-599)BSZ469884959</subfield>
  </datafield>
  <datafield tag="040" ind1=" " ind2=" ">
   <subfield code="a">DE-627</subfield>
   <subfield code="b">ger</subfield>
   <subfield code="c">DE-627</subfield>
   <subfield code="e">rda</subfield>
  </datafield>
  <datafield tag="041" ind1=" " ind2=" ">
   <subfield code="a">ger</subfield>
  </datafield>
  <datafield tag="044" ind1=" " ind2=" ">
   <subfield code="c">XA-DE-NW</subfield>
  </datafield>
  <datafield tag="082" ind1="0" ind2="4">
   <subfield code="a">930</subfield>
   <subfield code="q">DNB</subfield>
  </datafield>
  <datafield tag="084" ind1=" " ind2=" ">
   <subfield code="a">1</subfield>
   <subfield code="2">ssgn</subfield>
  </datafield>
  <datafield tag="084" ind1=" " ind2=" ">
   <subfield code="a">NG 5380</subfield>
   <subfield code="2">rvk</subfield>
   <subfield code="0">(DE-625)rvk/125436:13127</subfield>
  </datafield>
  <datafield tag="100" ind1="1" ind2=" ">
   <subfield code="a">Lehmann, Heike</subfield>
   <subfield code="d">1975-</subfield>
   <subfield code="e">VerfasserIn</subfield>
   <subfield code="0">(DE-588)1132231760</subfield>
   <subfield code="0">(DE-627)887595960</subfield>
   <subfield code="0">(DE-576)488736404</subfield>
   <subfield code="4">aut</subfield>
  </datafield>
  <datafield tag="245" ind1="1" ind2="0">
   <subfield code="a">Baalbek in nachantiker Zeit</subfield>
   <subfield code="b">Untersuchungen zur Stadtbaugeschichte vom 5. bis zum 20. Jahrhundert</subfield>
   <subfield code="c">Heike Lehmann</subfield>
  </datafield>
  <datafield tag="264" ind1=" " ind2="1">
   <subfield code="a">Rahden/Westf.</subfield>
   <subfield code="b">Verlag Marie Leidorf GmbH</subfield>
   <subfield code="c">2015</subfield>
  </datafield>
  <datafield tag="336" ind1=" " ind2=" ">
   <subfield code="a">Text</subfield>
   <subfield code="b">txt</subfield>
   <subfield code="2">rdacontent</subfield>
   <subfield code="8">1</subfield>
  </datafield>
  <datafield tag="336" ind1=" " ind2=" ">
   <subfield code="a">kartografisches Bild</subfield>
   <subfield code="b">cri</subfield>
   <subfield code="2">rdacontent</subfield>
   <subfield code="8">2</subfield>
  </datafield>
  <datafield tag="337" ind1=" " ind2=" ">
   <subfield code="a">ohne Hilfsmittel zu benutzen</subfield>
   <subfield code="b">n</subfield>
   <subfield code="2">rdamedia</subfield>
   <subfield code="8">1</subfield>
  </datafield>
  <datafield tag="337" ind1=" " ind2=" ">
   <subfield code="a">ohne Hilfsmittel zu benutzen</subfield>
   <subfield code="b">n</subfield>
   <subfield code="2">rdamedia</subfield>
   <subfield code="8">2</subfield>
  </datafield>
  <datafield tag="338" ind1=" " ind2=" ">
   <subfield code="a">Band</subfield>
   <subfield code="b">nc</subfield>
   <subfield code="2">rdacarrier</subfield>
   <subfield code="8">3</subfield>
  </datafield>
  <datafield tag="338" ind1=" " ind2=" ">
   <subfield code="a">Blatt</subfield>
   <subfield code="b">nb</subfield>
   <subfield code="2">rdacarrier</subfield>
   <subfield code="8">3</subfield>
  </datafield>
  <datafield tag="490" ind1="0" ind2=" ">
   <subfield code="a">Orient-Archäologie</subfield>
   <subfield code="v">Band 35</subfield>
  </datafield>
  <datafield tag="502" ind1=" " ind2=" ">
   <subfield code="b">Dissertation</subfield>
   <subfield code="c">Brandenburgische Technische Universität Cottbus-Senftenberg</subfield>
   <subfield code="d">2013</subfield>
  </datafield>
  <datafield tag="655" ind1=" " ind2="7">
   <subfield code="a">Hochschulschrift</subfield>
   <subfield code="0">(DE-588)4113937-9</subfield>
   <subfield code="0">(DE-627)105825778</subfield>
   <subfield code="0">(DE-576)209480580</subfield>
   <subfield code="2">gnd-content</subfield>
  </datafield>
  <datafield tag="689" ind1="0" ind2="0">
   <subfield code="d">g</subfield>
   <subfield code="0">(DE-588)4086176-4</subfield>
   <subfield code="0">(DE-627)106053590</subfield>
   <subfield code="0">(DE-576)20923489X</subfield>
   <subfield code="a">Baalbek</subfield>
   <subfield code="2">gnd</subfield>
  </datafield>
  <datafield tag="689" ind1="0" ind2="1">
   <subfield code="d">s</subfield>
   <subfield code="0">(DE-588)4056730-8</subfield>
   <subfield code="0">(DE-627)106153897</subfield>
   <subfield code="0">(DE-576)209118776</subfield>
   <subfield code="a">Stadtentwicklung</subfield>
   <subfield code="2">gnd</subfield>
  </datafield>
  <datafield tag="689" ind1="0" ind2="2">
   <subfield code="d">s</subfield>
   <subfield code="0">(DE-588)4056795-3</subfield>
   <subfield code="0">(DE-627)106153706</subfield>
   <subfield code="0">(DE-576)209119012</subfield>
   <subfield code="a">Städtebau</subfield>
   <subfield code="2">gnd</subfield>
  </datafield>
  <datafield tag="689" ind1="0" ind2="3">
   <subfield code="d">s</subfield>
   <subfield code="0">(DE-588)4181216-5</subfield>
   <subfield code="0">(DE-627)104539895</subfield>
   <subfield code="0">(DE-576)210003375</subfield>
   <subfield code="a">Siedlungsarchäologie</subfield>
   <subfield code="2">gnd</subfield>
  </datafield>
  <datafield tag="689" ind1="0" ind2="4">
   <subfield code="a">z</subfield>
   <subfield code="2">gnd</subfield>
   <subfield code="a">Geschichte 500-1904</subfield>
  </datafield>
  <datafield tag="689" ind1="0" ind2=" ">
   <subfield code="5">DE-101</subfield>
  </datafield>
  <datafield tag="751" ind1=" " ind2=" ">
   <subfield code="a">Cottbus</subfield>
   <subfield code="0">(DE-588)4070126-8</subfield>
   <subfield code="0">(DE-627)104814225</subfield>
   <subfield code="0">(DE-576)209179449</subfield>
   <subfield code="4">uvp</subfield>
  </datafield>
  <datafield tag="751" ind1=" " ind2=" ">
   <subfield code="a">Senftenberg</subfield>
   <subfield code="0">(DE-588)4054535-0</subfield>
   <subfield code="0">(DE-627)104744057</subfield>
   <subfield code="0">(DE-576)209109262</subfield>
   <subfield code="4">uvp</subfield>
  </datafield>
  <datafield tag="787" ind1="0" ind2="8">
   <subfield code="i">Rezensiert in</subfield>
   <subfield code="a">Rousset, Marie-Odile</subfield>
   <subfield code="t">[Rezension von: Heike Lehmann, Baalbek in nachantiker Zeit. Untersuchungen zur Stadtbaugeschichte vom 5. bis zum 20. Jahrhundert (Orient-Archäologie ; 35)]</subfield>
   <subfield code="d">2019</subfield>
   <subfield code="w">(DE-627)169612882X</subfield>
  </datafield>
  <datafield tag="787" ind1="0" ind2="8">
   <subfield code="i">Rezensiert in</subfield>
   <subfield code="a">Le Maguer-Gillon, Sterenn</subfield>
   <subfield code="t">[Rezension von: Heike Lehmann, Baalbek in the post-Roman period. Studies in architectural history between the 5th and 20th centuries]</subfield>
   <subfield code="d">2021</subfield>
   <subfield code="w">(DE-627)1810738725</subfield>
  </datafield>
  <datafield tag="856" ind1="4" ind2="2">
   <subfield code="u">http://www.vml.de/d/detail.php?ISBN=978-3-89646-665-5</subfield>
   <subfield code="m">X:MVB</subfield>
   <subfield code="q">text/html</subfield>
   <subfield code="3">Inhaltstext</subfield>
  </datafield>
  <datafield tag="856" ind1="4" ind2="2">
   <subfield code="u">http://d-nb.info/1095783483/04</subfield>
   <subfield code="m">B:DE-101</subfield>
   <subfield code="q">application/pdf</subfield>
   <subfield code="3">Inhaltsverzeichnis</subfield>
  </datafield>
  <datafield tag="935" ind1=" " ind2=" ">
   <subfield code="a">BIIN</subfield>
  </datafield>
  <datafield tag="936" ind1="r" ind2="v">
   <subfield code="a">NG 5380</subfield>
   <subfield code="b">Einzelne Landschaften und Städte</subfield>
   <subfield code="k">Alte Geschichte</subfield>
   <subfield code="k">Geschichte und Kultur des alten Orients und der Mittelmeervölker (ohne Griechen und Römer)</subfield>
   <subfield code="k">Einzelne Reiche und Völker</subfield>
   <subfield code="k">Levante (Israel, Palästina, Libanon, Jordanien)</subfield>
   <subfield code="k">Einzelne Landschaften und Städte</subfield>
   <subfield code="0">(DE-627)1399019376</subfield>
   <subfield code="0">(DE-625)rvk/125436:13127</subfield>
   <subfield code="0">(DE-576)329019376</subfield>
  </datafield>
  <datafield tag="951" ind1=" " ind2=" ">
   <subfield code="a">MC</subfield>
  </datafield>
  <datafield tag="990" ind1=" " ind2=" ">
   <subfield code="a">Baalbek</subfield>
  </datafield>
  <datafield tag="990" ind1=" " ind2=" ">
   <subfield code="a">Stadtentwicklung</subfield>
  </datafield>
  <datafield tag="990" ind1=" " ind2=" ">
   <subfield code="a">Städtebau</subfield>
  </datafield>
  <datafield tag="990" ind1=" " ind2=" ">
   <subfield code="a">Siedlungsarchäologie</subfield>
  </datafield>
  <datafield tag="990" ind1=" " ind2=" ">
   <subfield code="a">Geschichte 500-1904</subfield>
  </datafield>
  <datafield tag="991" ind1=" " ind2=" ">
   <subfield code="a">Rezensiertes Werk</subfield>
  </datafield>
  <datafield tag="999" ind1=" " ind2=" ">
   <subfield code="a">KXP-PPN1539884953</subfield>
   <subfield code="e">4170218299</subfield>
  </datafield>
 </record>
</collection>
